000 00585nam a2200205Ia 4500
005 20250326144831.0
008 250326s9999 xx 000 0 und d
037 _aTextbook
040 _aFMSL
_beng
_cFMSL
041 _aeng
_2eng
084 _aX.44 P9
_qFMSL
100 _aMccartney M
_9750178
245 0 _aIndia-the political economy of growth, stagnation and the state, 1951-2007
_cMccartney M
260 _aLondon
_bLondon, Routledge
_c2009
300 _a278p
365 _b5497.29
650 _aManagement
942 _cTB
_hX.44 P9
999 _c1305244
_d1305244